| 000 | 00815nas a2200253Ia 4500 | ||
|---|---|---|---|
| 001 | R010/67337 | ||
| 003 | IT-RoPAU | ||
| 008 | 151124c99999999xx |||||||||||| ||und|| | ||
| 040 | _aIT-RoPAU | ||
| 040 | _cIT-RoPAU | ||
| 041 | _aITALIANO | ||
| 100 |
_aMartini Stelio _gCodice Aut. SPICS: 4087 |
||
| 210 | _aCINEMA NUOVO | ||
| 222 | _aCinema Nuovo | ||
| 245 |
_aCINEMA NUOVO, ANNO 03-N.039 (15 LUGLIO 1954) _bMondana Rispettosissima (La) |
||
| 250 | _a1a ed. | ||
| 260 |
_aMILANO _bCINEMA NUOVO _c1954 |
||
| 501 |
_bPaulus - SPICS - Società San Paolo EM (non-commercial uses only) _cCopyright2015 |
||
| 300 | _a2 p. [15-16] | ||
| 362 | _aANNO 003, N.039 (15 LUGLIO 1954) | ||
| 500 | _aA Proposito dell'Ultimo Film di Lattuada "La Spiaggia". | ||
| 650 |
_aCINEMA _vPUBBLICAZIONE PERIODICA |
||
| 942 | _cCR | ||
| 999 |
_c113600 _d113600 |
||